Statistics for Countries with 10 International Airports

Click here to take the quiz!

General Stats

  • This quiz has been taken 5,217 times
  • The average score is 22 of 27

Answer Stats

#country% Correct
162United States
100%
37China
99%
71Russia
98%
29United Kingdom
98%
35France
97%
32Brazil
96%
20Canada
96%
19Germany
96%
11Australia
95%
35Mexico
95%
29Spain
95%
30India
94%
31Italy
94%
19Japan
94%
23Indonesia
85%
18Turkey
83%
11Poland
78%
11Thailand
75%
12Sweden
73%
21Greece
71%
10Malaysia
66%
16Ukraine
66%
12Colombia
65%
14Pakistan
65%
14Philippines
60%
11Finland
54%
14Algeria
28%

Score Distribution

Percentile by Number Answered

Percent of People with Each Score

Your Score History

You have not taken this quiz